[Event "COL-chT Rapid (Women)"]
[Site "Santa Marta"]
[Date "2022.11.02"]
[Round "1.4"]
[White "Arias Lopez, Maria Angel"]
[Black "Valencia Quinchia, Isabella"]
[Result "1-0"]
[WhiteElo "1090"]
[BlackElo "1459"]
[PlyCount "22"]
[EventDate "2022.11.02"]
[EventType "team-swiss"]
[EventRounds "7"]
[EventCountry "COL"]
[SourceTitle "CBM 211 Extra"]
[Source "ChessBase"]
[SourceDate "2023.01.31"]
[SourceVersion "1"]
[SourceVersionDate "2023.01.31"]
[SourceQuality "1"]
[WhiteTeam "Magdalena (W)"]
[BlackTeam "Antioquia (W)"]
[WhiteTeamCountry "COL"]
[BlackTeamCountry "COL"]

1. e4 e5 2. Nf3 Nc6 3. Bc4 Bc5 4. Nc3 Nf6 5. 0-0 d6 6. d3 Bg4 7. Bb5 Qd7 8. Be3 Bb6 9. Nd5 0-0 10. Nxf6+ gxf6 11. Bh6 Rfe8 1-0

[Event "COL-ch U12 Girls"]
[Site "Cali"]
[Date "2019.06.24"]
[Round "9.4"]
[White "Arias Lopez, Maria Angel"]
[Black "Diaz Cabarcas, Maria Alejandra"]
[Result "0-1"]
[WhiteElo "1161"]
[BlackElo "1237"]
[PlyCount "56"]
[EventDate "2019.06.19"]
[EventType "tourn"]
[EventRounds "9"]
[EventCountry "COL"]
[SourceTitle "CBM 191 Extra"]
[Source "ChessBase"]
[SourceDate "2019.09.30"]
[SourceVersion "1"]
[SourceVersionDate "2019.09.30"]
[SourceQuality "1"]

1. e4 e5 2. Nf3 Nc6 3. Bc4 Bc5 4. d3 h6 5. Nc3 d6 6. h3 Nf6 7. Be3 Bb6 8. Na4 Be6 9. Nxb6 axb6 10. Bb5 Bd7 11. 0-0 0-0 12. a3 Be6 13. Bxc6 bxc6 14. Rc1 Re8 15. Re1 Qd7 16. Qd2 Nh7 17. d4 exd4 18. Nxd4 c5 19. Nxe6 Rxe6 20. f3 Rg6 21. Kh1 Rd8 22. Rcd1 Nf8 23. f4 f5 24. Qd5+ Qe6 25. Qxe6+ Rxe6 26. exf5 Rf6 27. g4 g6 28. fxg6 Nxg6 0-1

[Event "COL-ch U12 Girls"]
[Site "Cali"]
[Date "2019.06.23"]
[Round "7.5"]
[White "Arias Lopez, Maria Angel"]
[Black "Agudelo Zapata, Yarli Alejandra"]
[Result "1/2-1/2"]
[WhiteElo "1161"]
[BlackElo "1200"]
[PlyCount "62"]
[EventDate "2019.06.19"]
[EventType "tourn"]
[EventRounds "9"]
[EventCountry "COL"]
[SourceTitle "CBM 191 Extra"]
[Source "ChessBase"]
[SourceDate "2019.09.30"]
[SourceVersion "1"]
[SourceVersionDate "2019.09.30"]
[SourceQuality "1"]

1. e4 c5 2. Nf3 d6 3. d4 cxd4 4. Nxd4 Nf6 5. Nc3 g6 6. Be3 Bg7 7. f3 0-0 8. Qd2 Nc6 9. Bc4 a6 10. 0-0 Nxd4 11. Bxd4 Be6 12. Bxe6 fxe6 13. Rad1 Qc7 14. Rfe1 Nd7 15. Bxg7 Kxg7 16. Kh1 Kg8 17. Re3 Ne5 18. Ne2 Rac8 19. Rc3 Qd7 20. Rxc8 Rxc8 21. b3 Qc6 22. Qe3 Qc5 23. Qxc5 Rxc5 24. c4 b5 25. Nd4 Kf7 26. cxb5 axb5 27. h3 Nc6 28. Nxc6 Rxc6 29. Rd4 Rc5 30. Rb4 g5 31. a4 bxa4 1/2-1/2

[Event "COL-ch U12 Girls"]
[Site "Cali"]
[Date "2019.06.23"]
[Round "8.2"]
[White "Brito Carrascal, Isabela"]
[Black "Arias Lopez, Maria Angel"]
[Result "1-0"]
[WhiteElo "1411"]
[BlackElo "1161"]
[PlyCount "59"]
[EventDate "2019.06.19"]
[EventType "tourn"]
[EventRounds "9"]
[EventCountry "COL"]
[SourceTitle "CBM 191 Extra"]
[Source "ChessBase"]
[SourceDate "2019.09.30"]
[SourceVersion "1"]
[SourceVersionDate "2019.09.30"]
[SourceQuality "1"]

1. e4 e5 2. Nf3 Nc6 3. Bb5 d6 4. Bxc6+ bxc6 5. h3 Nf6 6. Nc3 Be7 7. 0-0 0-0 8. d4 exd4 9. Nxd4 Bd7 10. Bf4 Rb8 11. Rb1 Be6 12. Nxc6 Qd7 13. Nxb8 Rxb8 14. Re1 c6 15. Qe2 Rd8 16. e5 Nd5 17. Nxd5 cxd5 18. exd6 Bxd6 19. Bxd6 Qxd6 20. Qd3 g6 21. Rbc1 Rb8 22. c4 Rxb2 23. cxd5 Qxd5 24. Rc8+ Kg7 25. Qc3+ f6 26. Rc7+ Bf7 27. Qxb2 Kh6 28. Qb7 Qxb7 29. Rxb7 g5 30. Rxf7 1-0

[Event "COL pre olympic sf2"]
[Site "Palmira"]
[Date "2019.06.02"]
[Round "9"]
[White "Arias Lopez, Maria Angel"]
[Black "Navia Coy, Robinson"]
[Result "0-1"]
[WhiteElo "1164"]
[BlackElo "1552"]
[PlyCount "22"]
[EventDate "2019.05.29"]
[EventType "swiss"]
[EventRounds "10"]
[EventCountry "COL"]
[SourceTitle "CBM 190 Extra"]
[Source "ChessBase"]
[SourceDate "2019.07.15"]
[SourceVersion "1"]
[SourceVersionDate "2019.07.15"]
[SourceQuality "1"]

1. e4 c5 2. Nf3 d6 3. d4 cxd4 4. Nxd4 Nf6 5. Nc3 a6 6. h3 e6 7. Be3 Be7 8. g4 h6 9. Bg2 Nbd7 10. 0-0 Rb8 11. f4 b5 0-1

[Event "COL pre olympic sf2"]
[Site "Palmira"]
[Date "2019.06.02"]
[Round "8"]
[White "Pantoja Pantoja, Danna Nicole"]
[Black "Arias Lopez, Maria Angel"]
[Result "0-1"]
[WhiteElo "1433"]
[BlackElo "1164"]
[PlyCount "30"]
[EventDate "2019.05.29"]
[EventType "swiss"]
[EventRounds "10"]
[EventCountry "COL"]
[SourceTitle "CBM 190 Extra"]
[Source "ChessBase"]
[SourceDate "2019.07.15"]
[SourceVersion "1"]
[SourceVersionDate "2019.07.15"]
[SourceQuality "1"]

1. e4 c5 2. Nf3 d6 3. d4 cxd4 4. Nxd4 Nf6 5. Nc3 g6 6. Be3 Bg7 7. Bc4 0-0 8. Qd2 Ng4 9. 0-0-0 Nxe3 10. Qxe3 Nc6 11. Nxc6 bxc6 12. Rhe1 Bb7 13. f3 Qb6 14. Na4 Qxe3+ 15. Rxe3 Bh6 0-1

[Event "COL-ch U12 sf1"]
[Site "Duitama"]
[Date "2019.04.13"]
[Round "4.11"]
[White "Cruz Beltran, Ismael Josue"]
[Black "Arias Lopez, Maria Angel"]
[Result "0-1"]
[WhiteElo "1226"]
[BlackElo "1038"]
[PlyCount "78"]
[EventDate "2019.04.11"]
[EventType "swiss"]
[EventRounds "6"]
[EventCountry "COL"]
[SourceTitle "EXT 2024"]
[Source "ChessBase"]
[SourceDate "2023.10.10"]
[SourceVersion "1"]
[SourceVersionDate "2023.10.10"]
[SourceQuality "1"]

1. e4 e5 2. Nf3 Nc6 3. Bc4 Bc5 4. b4 Bxb4 5. c3 Bc5 6. 0-0 d6 7. Qb3 Qe7 8. d3 Be6 9. Bxe6 Qxe6 10. Qxe6+ fxe6 11. Ng5 Ke7 12. Be3 Bxe3 13. fxe3 Nh6 14. Nf3 Rhf8 15. Nbd2 d5 16. Rab1 Rab8 17. Ng5 Ng4 18. Rxf8 Rxf8 19. Nxh7 Rf2 20. h3 Rxd2 21. hxg4 b6 22. exd5 exd5 23. d4 exd4 24. exd4 Rxa2 25. Re1+ Kd7 26. Nf8+ Kc8 27. Re8+ Kb7 28. Nd7 Ra3 29. Re3 Nxd4 30. g5 Rxc3 31. Rxc3 Ne2+ 32. Kh2 Nxc3 33. Nf6 Ne4 34. Nxe4 dxe4 35. Kg3 a5 36. Kf4 a4 37. Kxe4 a3 38. Kf5 a2 39. Kg6 a1Q 0-1

[Event "COL-ch U1700"]
[Site "Pereira"]
[Date "2019.03.24"]
[Round "6"]
[White "Arias Lopez, Maria Angel"]
[Black "Herrera Nopan, Fabian"]
[Result "1/2-1/2"]
[WhiteElo "1038"]
[BlackElo "1621"]
[PlyCount "38"]
[EventDate "2019.03.21"]
[EventType "swiss"]
[EventRounds "9"]
[EventCountry "COL"]
[SourceTitle "CBM 189 Extra"]
[Source "ChessBase"]
[SourceDate "2019.06.03"]
[SourceVersion "1"]
[SourceVersionDate "2019.06.03"]
[SourceQuality "1"]

1. e4 c6 2. d4 d5 3. e5 Bf5 4. Bd3 Bg6 5. Bxg6 hxg6 6. e6 Qd6 7. exf7+ Kxf7 8. Qf3+ Nf6 9. Nh3 Qe6+ 10. Be3 Kg8 11. Nd2 Qf5 12. Qxf5 gxf5 13. Ng5 Na6 14. 0-0-0 Ng4 15. h3 Nxe3 16. fxe3 g6 17. Rde1 Bh6 18. Ngf3 Bg7 19. a3 Re8 1/2-1/2

[Event "COL-ch U1700"]
[Site "Pereira"]
[Date "2019.03.22"]
[Round "3"]
[White "Pino Villarreal, Maria del Pilar"]
[Black "Arias Lopez, Maria Angel"]
[Result "1-0"]
[WhiteElo "1611"]
[BlackElo "1038"]
[PlyCount "70"]
[EventDate "2019.03.21"]
[EventType "swiss"]
[EventRounds "9"]
[EventCountry "COL"]
[SourceTitle "CBM 189 Extra"]
[Source "ChessBase"]
[SourceDate "2019.06.03"]
[SourceVersion "1"]
[SourceVersionDate "2019.06.03"]
[SourceQuality "1"]

1. e4 e5 2. Nf3 Nc6 3. d4 exd4 4. Nxd4 Qf6 5. Nb5 Qe5 6. Qd5 Bd6 7. Bc4 Qxd5 8. Bxd5 Nge7 9. Nxd6+ cxd6 10. 0-0 0-0 11. Nc3 Nxd5 12. Nxd5 b6 13. Bf4 Ne5 14. f3 Bb7 15. Rad1 Ba6 16. Rf2 Bb7 17. Ne7+ Kh8 18. Rxd6 Rfe8 19. Nf5 Rad8 20. b3 g6 21. Ne3 Kg7 22. Rfd2 Bc6 23. Bg5 Rc8 24. f4 Kg8 25. fxe5 Rxe5 26. Bh6 Rxe4 27. Rf2 Rh4 28. Bg5 Rh5 29. h4 Re8 30. Ng4 Re1+ 31. Kh2 Rxg5 32. hxg5 Ra1 33. Nh6+ Kf8 34. Rxf7+ Ke8 35. Rxh7 Rxa2 1-0

[Event "COL-ch U1800"]
[Site "Moniquira"]
[Date "2018.07.21"]
[Round "4"]
[White "Ramirez, Orlando"]
[Black "Arias Lopez, Maria Angel"]
[Result "0-1"]
[WhiteElo "1425"]
[BlackElo "1016"]
[PlyCount "74"]
[EventDate "2018.07.19"]
[EventType "swiss"]
[EventRounds "7"]
[EventCountry "COL"]
[SourceTitle "CBM 187 Extra"]
[Source "ChessBase"]
[SourceDate "2018.11.04"]
[SourceVersion "1"]
[SourceVersionDate "2018.11.04"]
[SourceQuality "1"]

1. e4 e5 2. Nf3 Nc6 3. Bc4 Bc5 4. b4 Bxb4 5. c3 Bc5 6. 0-0 Nf6 7. d4 Bd6 8. Ba3 Bxa3 9. Nxa3 d6 10. h3 0-0 11. Re1 Be6 12. d5 Bd7 13. dxc6 Bxc6 14. Qc2 Nh5 15. Bd5 Qf6 16. Bxc6 bxc6 17. Rab1 Qg6 18. Nh4 Qg5 19. g3 Nf4 20. Kh2 Ng6 21. Nf5 Rab8 22. Qe2 d5 23. Qg4 Qxg4 24. hxg4 dxe4 25. Nc4 Rbd8 26. Red1 Rd3 27. Rxd3 exd3 28. Nxe5 Nxe5 29. Re1 Nf3+ 30. Kg2 Nxe1+ 31. Kf1 Nf3 32. Ne7+ Kh8 33. Nxc6 Re8 34. Kg2 d2 35. Kxf3 d1Q+ 36. Kg2 Qd5+ 37. Kg1 Qf3 0-1